Detalles MARC
| 000 -CABECERA |
| campo de control de longitud fija |
01447nam a2200265 a 4500 |
| 001 - NÚMERO DE CONTROL |
| campo de control |
000000767 |
| 003 - IDENTIFICADOR DEL NÚMERO DE CONTROL |
| campo de control |
DO-SdBNP |
| 005 - FECHA Y HORA DE LA ÚLTIMA TRANSACCIÓN |
| campo de control |
20240305132554.0 |
| 008 - DATOS DE LONGITUD FIJA--INFORMACIÓN GENERAL |
| campo de control de longitud fija |
090509s2002 dr c 000 0 spa d |
| 020 ## - NÚMERO INTERNACIONAL ESTÁNDAR DEL LIBRO |
| Número Internacional Estándar del Libro |
9993486310 |
| 020 ## - NÚMERO INTERNACIONAL ESTÁNDAR DEL LIBRO |
| Número Internacional Estándar del Libro |
9789993486312 |
| 040 ## - FUENTE DE LA CATALOGACIÓN |
| Centro catalogador/agencia de origen |
DO-SdBNP |
| Lengua de catalogación |
spa |
| Centro/agencia transcriptor |
BNPHU |
| 082 #4 - NÚMERO DE LA CLASIFICACIÓN DECIMAL DEWEY |
| Número de clasificación |
327.7293 |
| Número de documento/Ítem |
L351v |
| Número de edición |
22 |
| 100 1# - ENTRADA PRINCIPAL--NOMBRE DE PERSONA |
| Nombre de persona |
Latorre, Eduardo, |
| Fechas asociadas al nombre |
1941-2003 |
| 9 (RLIN) |
7187 |
| 245 14 - MENCIÓN DE TÍTULO |
| Título |
Los viajes del canciller / |
| Mención de responsabilidad, etc. |
Eduardo Latorre ; edición Ana E. Martínez. |
| 260 ## - PUBLICACIÓN, DISTRIBUCIÓN, ETC. |
| Lugar de publicación, distribución, etc. |
Santo Domingo : |
| Nombre del editor, distribuidor, etc. |
Omnimedia, |
| Fecha de publicación, distribución, etc. |
2002. |
| 300 ## - DESCRIPCIÓN FÍSICA |
| Extensión |
458 p. : |
| Otras características físicas |
il., retrs. ; |
| Dimensiones |
23 cm. |
| 500 ## - NOTA GENERAL |
| Nota general |
Incluye referencias biográficas en la contracubierta |
| 504 ## - NOTA DE BIBLIOGRAFÍA, ETC. |
| Nota de bibliografía, etc. |
Incluye bibliografía |
| 505 2# - NOTA DE CONTENIDO CON FORMATO |
| Título |
Introducción -- |
| -- |
Primera parte: 1996 -- |
| Información miscelánea |
Capítulo I. |
| Título |
El canciller en Puerto Príncipe, Haití -- |
| Información miscelánea |
Segunda parte: 1997 -- |
| -- |
Capítulo 10. |
| Título |
El presidente de Managua, Nicaragua -- |
| Información miscelánea |
Tercera parte :1998 -- |
| -- |
Capítulo 30. |
| Título |
El presidente en Tegucigalpa, Honduras -- |
| Información miscelánea |
Cuarta parte: 1999 -- |
| Título |
Capítulo 49. |
| -- |
El presidente en Europa -- |
| Información miscelánea |
Quinta parte: 2000 -- |
| -- |
Capítulo 75. |
| Título |
El vicepresidente en Guatemala -- |
| -- |
Comentario final -- |
| -- |
Anexos -- |
| -- |
Información geográfica: ciudades y países visitados -- |
| -- |
Nota sobre los acompañantes en los viajes -- |
| -- |
Siglas -- |
| -- |
Bibliografía. |
| 600 14 - PUNTO DE ACCESO ADICIONAL DE MATERIA--NOMBRE DE PERSONA |
| Nombre de persona |
Latorre, Eduardo, |
| Fechas asociadas al nombre |
1941-2003 |
| Subdivisión general |
Vida política |
| 9 (RLIN) |
84155 |
| 651 #4 - PUNTO DE ACCESO ADICIONAL DE MATERIA--NOMBRE GEOGRÁFICO |
| Nombre geográfico |
República Dominicana |
| Subdivisión general |
Relaciones internacionales |
| 9 (RLIN) |
2624 |
| 700 1# - PUNTO DE ACCESO ADICIONAL--NOMBRE DE PERSONA |
| Nombre de persona |
Martínez, Ana E., |
| Término indicativo de función/relación |
ed. |
| 9 (RLIN) |
2505 |
| 942 ## - ELEMENTOS DE PUNTO DE ACCESO ADICIONAL (KOHA) |
| Fuente del sistema de clasificación o colocación |
Dewey Decimal Classification |
| Tipo de ítem Koha |
Libro |